000 01988cam a22004814i 4500
003 PE-LiUPU
005 20250731172806.0
008 150617s1968 sp r 000 0 spa d
035 _a(Sirsi) a13398
040 _aPE-LiUPU
_bspa
_cPE-LiUPU
_erda
049 _aPRUA
082 0 4 _a225.08
_bN
_221
100 1 _aReuss, Joseph,
_eautor.
245 1 0 _aCarta a Tito /
_cJosep Reuss ; [versión de J. Mª Caballero].
264 1 _aBarcelona :
_bHerder,
_c1968.
300 _a75 páginas ;
_c20 centímetros.
336 _atext
_2rdacontent
337 _aunmediated
_2rdamedia
338 _avolume
_2rdacarrier
490 0 _aEl nuevo testamento y su mensaje ;
_v17
505 0 _aMisión de Tito en Creta (1,5-16) -- Nombramiento de presbíteros con determinadas cualidades (1,5-9) -- Impugnación de los herejes (1,10-16) -- Ordenación de la vida cristiana (2,1-3,11) -- Deberes de los diversos estados (2,1-10) -- La gracia de Dios como fuente de energía (2,11-15) -- Deberes respecto a la autoridad y al prójimo -- Referencia a la regeneración experimentada (3,3-8) -- Nueva advertencia sobre los herejes (3,9-11).
526 _aSEG42
526 _aSEG41
526 _aSEG40
526 _aSEG39
526 _aP94
526 _aP87
526 _aP86
526 _aP85
526 _aP77
526 _aP76
526 _aP35
630 _aBiblia
_pN.T.
_pTito
_xComentarios.
700 1 _aCaballero, J. Maria,
_etraductor.
910 _ajck
_bjvq
_cjck
_d20150616
910 _adbm
_bncf
_cncf
_d20190530
942 _2ddc
_cBOOK
949 _a225.08 N 17
_wDEWEY
_c1
_i11564
_lCCODEBUL1
_mBUL
_p00.00
_r0
_sY
_tBOOK
_u19760601
_xTEOLOGIA
_PP35
_0COMPRA
_o.STAFF. Colección Teología
994 _aC0
_bPEPRU
596 _a1
999 _a225.08 N 17
_wDEWEY
_c3760
_i11564
_f2021-11-11
_g5
_lCCODEBUL1
_mBUL
_p10.00
_r0
_sY
_tBOOK
_u2015-6-17
_xTEOLOGIA
_PP35
_0COMPRA
_o.STAFF. Colección Teología
_d3760
980 _81
_gALBERTO SANCHEZ Responsable de Automatización